000 00606nmc a2200241 a 4500
003 AR-BaBNM
005 20251128211512.0
008 045020s2004 ||||||||||||||000 | spa||
020 _a987-1138-06-7
040 _cAR-BaBNM
100 1 _aGarcía Márquez, Gabriel
245 1 0 _aLos funerales de la Mamá Grande
250 _a3ª ed.
260 _aBuenos Aires
_bDebolsillo
_c2004
300 0 _a165 p.
490 0 _aContemporánea
650 4 _aLITERATURA CONTEMPORANEA
650 4 _aNOVELAS
653 _aLITERATURA COLOMBIANA
655 _aLITERATURA
942 _cBK
998 _cme-solo cat
999 _c19933
_d19933